Cultural diversity in schools : from rhetoric to practice
Αποθηκεύτηκε σε:
| Άλλοι συγγραφείς: | , , |
|---|---|
| Μορφή: | Βιβλίο |
| Γλώσσα: | English |
| Δημοσίευση: |
New York :
State University of New York Press,
1994
|
| Θέματα: | |
| Ετικέτες: |
Προσθήκη ετικέτας
Δεν υπάρχουν, Καταχωρήστε ετικέτα πρώτοι!
|
MARC
| LEADER | 00000nam a2200000 i 4500 | ||
|---|---|---|---|
| 001 | 1/84678 | ||
| 008 | 990625s1994 eng d | ||
| 020 | |a 0-7914-1673-9 | ||
| 035 | |l 10051661 | ||
| 040 | |a GR-MY-UA |b gre |e aacr | ||
| 041 | 0 | |a eng | |
| 082 | 0 | |a 370.1960973 | |
| 245 | 1 | 0 | |a Cultural diversity in schools : |b from rhetoric to practice / |c edited by Robert A. DeVillar, Christian J. Faltis, James P. Cummins |
| 260 | |a New York : |b State University of New York Press, |c 1994 | ||
| 300 | |a 401 p. | ||
| 650 | 0 | 0 | |a Multicultural education |z United States. |
| 650 | 0 | 0 | |a Educational equalization |z United States. |
| 650 | 0 | 0 | |a Education |x Social aspects |z United States. |
| 650 | 0 | 0 | |a Classroom management |z United States. |
| 650 | 0 | 0 | |a Educational technology |z United States. |
| 700 | 1 | |a DeVillar, Robert A. |4 edt | |
| 700 | 1 | |a Faltis, Christian |d 1950- |4 edt | |
| 700 | 1 | |a Cummins, Jim |d 1949- |4 edt | |
| 852 | |a INST |b RHODES |e 19990625 |h 370.1960973 CUL |p 005400014532 |q 005400014532 |t BK |y 0 | ||
| 901 | |a BIBL4-1999-2 | ||
| 909 | |a Ρ |b 066128 |c 1999 | ||
| 922 | |a 4ΕΛΗ |b 199906 |c ΚΠΣ/154 |d LEADER | ||
| 970 | |a ΚΟΥΛΙΑΚΙΩΤΗ |b ΕΥΑΓΓΕΛΙΑ |z 1990625 | ||